000 00602nam a2200205Ia 4500
005 20250508162800.0
008 008 250505s9999 xx 000 0 eng d
020 _a81-208-0941-6
037 _aTextual
040 _aFEDL
_beng
_cFEDL
041 _aeng
_2eng
084 _a181.043, GOV
_qFEDL
100 _aGovinda Lama Anagarika
245 0 _aPsychological attitude of early buddhist philosophy
260 _aDelhi, India
_bMotilal Banarsi Dass
_c1961
300 _a191p.
650 _aOriental Philosophy
_9755543
942 _cTEXL
_h181.043, GOV
999 _c1378664
_d1378664